[Event "OP-2010-0-01335"]
[Site "LSS email"]
[Date "2010.12.08"]
[Round "?"]
[White "Vasquez, Gerardo"]
[Black "Khvostov, Aleksandr"]
[Result "1-0"]
[WhiteElo "1624"]
[BlackElo "800"]
[PlyCount "23"]
[EventDate "2010.12.03"]
[EventType "tourn (corr)"]
[EventRounds "4"]
[EventCountry "GER"]
[SourceTitle "Corr 2015"]
[Source "ChessBase"]
[SourceDate "2015.07.17"]
[SourceVersion "1"]
[SourceVersionDate "2015.07.17"]
[SourceQuality "1"]

1. e4 e5 2. Nf3 Nc6 3. Bb5 d6 4. d4 exd4 5. Qxd4 a6 6. Bxc6+ bxc6 7. 0-0 Nf6 8. e5 Bb7 9. exf6 c5 10. Re1+ Kd7 11. Qa4+ Bc6 12. Qg4# 1-0